[Event "IECG CP.2005.P.00106"]
[Site "IECG email"]
[Date "2005.10.01"]
[Round "?"]
[White "Boyd, John Michael"]
[Black "Najdanovic, Djordje"]
[Result "1-0"]
[WhiteElo "1459"]
[BlackElo "1200"]
[PlyCount "109"]
[EventDate "2005.10.01"]
[EventType "tourn (corr)"]
[EventRounds "6"]
[SourceTitle "Corr 2008"]
[Source "ChessBase"]
[SourceDate "2008.06.24"]
[SourceVersion "1"]
[SourceVersionDate "2008.06.24"]
[SourceQuality "1"]

1. d4 d5 2. Nf3 Nf6 3. Bf4 e6 4. e3 Bd6 5. Nbd2 Bxf4 6. exf4 Nc6 7. c3 Ne7 8. Bd3 0-0 9. 0-0 a5 10. Ne5 b6 11. Qe2 Qd6 12. Rfe1 c5 13. Ndf3 c4 14. Bb1 Bb7 15. a4 Bc6 16. Nh4 Rae8 17. Qe3 Nc8 18. Qh3 Qc7 19. Nhf3 Nd6 20. Ng4 Nfe4 21. Ng5 h6 22. Bxe4 dxe4 23. Nf6+ Kh8 24. Nxe8 Rxe8 25. f3 e3 26. Rxe3 Kg8 27. Ne4 Nf5 28. Re2 Qxf4 29. Qg4 Qxg4 30. fxg4 Bxe4 31. Rxe4 Ne7 32. Re5 Rb8 33. Kf2 Rb7 34. Rae1 Rb8 35. Kf3 Kf8 36. g5 Nc6 37. R5e4 hxg5 38. Rg4 Ne7 39. Rxg5 Nd5 40. Rh5 Kg8 41. Rhe5 Kf8 42. h4 Kg8 43. h5 b5 44. axb5 Rxb5 45. R5e2 Kh7 46. g4 g6 47. Rf2 Kg7 48. Rh1 gxh5 49. gxh5 Kh6 50. Kg3 Rb7 51. Kh4 Ne3 52. Re1 Nf5+ 53. Kg4 Nd6 54. d5 f5+ 55. Kh4 1-0

[Event "IECG CP.2005.P.00106"]
[Site "IECG email"]
[Date "2005.10.01"]
[Round "?"]
[White "Najdanovic, Djordje"]
[Black "Tolan, John"]
[Result "0-1"]
[WhiteElo "1200"]
[BlackElo "1741"]
[PlyCount "60"]
[EventDate "2005.10.01"]
[EventType "tourn (corr)"]
[EventRounds "6"]
[SourceTitle "Corr 2008"]
[Source "ChessBase"]
[SourceDate "2008.06.24"]
[SourceVersion "1"]
[SourceVersionDate "2008.06.24"]
[SourceQuality "1"]

1. e4 c6 2. Nf3 d5 3. e5 c5 4. d4 cxd4 5. Nxd4 e6 6. Be3 Nc6 7. f4 Bd7 8. c3 Qb6 9. Qd2 Bc5 10. a4 Rc8 11. a5 Nxa5 12. b4 Bxd4 13. Bxd4 Nb3 14. Bxb6 Nxd2 15. Bxa7 Nxb1 16. Rxb1 Rxc3 17. Ra1 Rc8 18. Kd2 Ne7 19. b5 Rg8 20. Be3 Nf5 21. Ra7 Nxe3 22. Kxe3 Rb8 23. Bd3 f5 24. Be2 g5 25. fxg5 Rxg5 26. g3 Kd8 27. Kd4 Rg6 28. b6 Rh6 29. h4 Rg6 30. Rg1 Ke7 0-1

[Event "IECG CP.2005.P.00106"]
[Site "IECG email"]
[Date "2005.10.01"]
[Round "?"]
[White "Schima, Wolfgang"]
[Black "Najdanovic, Djordje"]
[Result "1-0"]
[WhiteElo "2199"]
[BlackElo "1200"]
[PlyCount "61"]
[EventDate "2005.10.01"]
[EventType "tourn (corr)"]
[EventRounds "6"]
[SourceTitle "Corr 2008"]
[Source "ChessBase"]
[SourceDate "2008.06.24"]
[SourceVersion "1"]
[SourceVersionDate "2008.06.24"]
[SourceQuality "1"]

1. d4 d5 2. c4 Nc6 3. Nc3 e6 4. Nf3 Be7 5. Bf4 Bd6 6. cxd5 exd5 7. Nxd5 Be6 8. Bxd6 Bxd5 9. Be5 Nxe5 10. Nxe5 Ne7 11. Qc2 c6 12. a3 f6 13. Nd3 Be4 14. e3 0-0 15. f3 Bg6 16. 0-0-0 Bf7 17. Kb1 Re8 18. e4 Qd6 19. h4 Kh8 20. h5 Qxd4 21. h6 Rad8 22. Nf2 Qe5 23. Bc4 Bxc4 24. Qxc4 f5 25. g4 fxe4 26. Rxd8 Rxd8 27. Nxe4 gxh6 28. Rxh6 Qg7 29. Re6 Rf8 30. Ng3 Rf6 31. Nh5 1-0